000 00648nam a2200193Ii 4500
003 JO-AjNU
008 230605s9999||||xx |||||||||||||| ||und||
040 _aJO-AjNU
_bara
_erda
_cJO-AjNU
041 _aara
050 1 4 _aLA2301 .K45 1964
100 3 _aالخوري، إنطوان م,
_eauthor
_941161
245 0 0 _a أعلام التربية،حياتهم - اثارهم 
264 3 1 _aبيروت:دار الكتاب اللبناني،1964
300 _a235ص
336 _atext
_btxt
_2rdacontent
337 _aunmediated
_bn
_2rdamedia
338 _avolume
_bnc
_2rdacarrier
650 4 _aالتربية و التعليم-تراجم 
_941162
999 _aA17527
_c21095
_d21095